| 000 | 00731nam a2200265Ia 4500 | ||
|---|---|---|---|
| 005 | 20260121172713.0 | ||
| 008 | 008 260114s9999 xx 000 0 eng d | ||
| 020 | _a9783030839062 | ||
| 037 | _aEBOOK | ||
| 040 | _aCRL | ||
| 040 | _beng | ||
| 040 | _cCRL | ||
| 041 | _2eng | ||
| 041 | _aeng | ||
| 084 | _qCRL | ||
| 100 |
_aIbrahim Habli, Mark Sujan, Simos Gerasimou, Erwin Schoitsch, Friedemann Bitsch _91091698 |
||
| 245 | 0 | _aComputer Safety, Reliability, and Security. SAFECOMP 2021 Workshops | |
| 260 | _bSpringer | ||
| 260 | _bSpringer | ||
| 260 | _c2021 | ||
| 856 | _uhttps://link.springer.com/openurl?genre=book&isbn=978-3-030-83906-2 | ||
| 942 | _cEBOOK | ||
| 999 |
_c1657438 _d1657438 |
||